[Event "75th Noteboom vierkamp"]
[Site "Leiden NED"]
[Date "2015.02.13"]
[Round "1.1"]
[White "Nikolic, Predrag"]
[Black "Van Wely, Loek"]
[Result "0-1"]
[WhiteTitle "GM"]
[BlackTitle "GM"]
[WhiteElo "2588"]
[BlackElo "2657"]
[WhiteFideId "14400014"]
[BlackFideId "1000268"]
[EventDate "2015.02.13"]

1. d4 Nf6 2. c4 e6 3. Nf3 d5 4. Nc3 dxc4 5. e4 Bb4 6. Bg5 c5 7. e5 cxd4 8. Nxd4
Bxc3+ 9. bxc3 Qa5 10. exf6 Qxg5 11. fxg7 Qxg7 12. Qf3 O-O 13. Bxc4 Nd7 14. Be2
Nc5 15. O-O e5 16. Nb3 Ne6 17. Rfe1 Kh8 18. Qg3 f6 19. Qxg7+ Kxg7 20. Rad1 Rf7
21. Bf3 Rc7 22. Re3 Bd7 23. Be4 Ba4 24. Rh3 Kh8 25. Rh4 Nf4 26. Kh1 Rg8 27. Rd6
f5 28. Bd5 Nxd5 29. Rxa4 Nxc3 30. Rxa7 Nb5 0-1

[Event "75th Noteboom vierkamp"]
[Site "Leiden NED"]
[Date "2015.02.13"]
[Round "1.2"]
[White "Smeets, Jan"]
[Black "Timman, Jan H"]
[Result "1/2-1/2"]
[WhiteTitle "GM"]
[BlackTitle "GM"]
[WhiteElo "2625"]
[BlackElo "2553"]
[WhiteFideId "1007246"]
[BlackFideId "1000012"]
[EventDate "2015.02.13"]

1. e4 d6 2. d4 Nf6 3. Nc3 g6 4. f4 Bg7 5. Nf3 c5 6. dxc5 Qa5 7. Qd4 O-O 8. cxd6
Nxe4 9. Qxe4 Bxc3+ 10. bxc3 Qxc3+ 11. Kf2 Qxa1 12. dxe7 Re8 13. Bc4 Qf6 14. Ba3
Be6 15. Qxb7 Nd7 16. Bb3 Bxb3 17. axb3 Qb6+ 18. Qxb6 axb6 19. Bd6 Nc5 20. Re1
Ra2 21. Re2 f5 22. Ke3 Ra7 23. Ne5 Ne4 24. Bb4 Nc5 25. Kd4 Rc7 26. Bxc5 bxc5+
27. Kc4 Rexe7 28. h4 Kf8 29. c3 Re6 30. g3 Ke7 31. Rh2 Kf6 32. Ra2 Rb6 33. Nd3
Re6 34. Ne5 Rb6 35. h5 g5 36. Nd3 Re6 37. Nxc5 gxf4 38. gxf4 Re4+ 39. Kd5 Rxf4
40. Ra6+ Kf7 41. Ne6 Rd7+ 42. Ke5 Rf1 43. Ng5+ Ke7 44. Nxh7 Re1+ 45. Kxf5 Rd5+
46. Kg6 Rg1+ 47. Kh6 Rd6+ 48. Rxd6 Kxd6 49. Ng5 Kd5 50. Kg6 Rg3 51. c4+ Kd4 52.
h6 Rxb3 53. h7 Rb8 54. Ne6+ Kxc4 55. Kg7 Kd5 1/2-1/2

[Event "75th Noteboom vierkamp"]
[Site "Leiden NED"]
[Date "2015.02.14"]
[Round "2.2"]
[White "Nikolic, Predrag"]
[Black "Smeets, Jan"]
[Result "1-0"]
[WhiteTitle "GM"]
[BlackTitle "GM"]
[WhiteElo "2588"]
[BlackElo "2625"]
[WhiteFideId "14400014"]
[BlackFideId "1007246"]
[EventDate "2015.02.13"]

1. d4 d5 2. c4 c6 3. Nf3 Nf6 4. Nc3 dxc4 5. a4 Bf5 6. e3 e6 7. Bxc4 Nbd7 8. O-O
Bb4 9. Qe2 Bg6 10. Ne1 O-O 11. Nd3 Ba5 12. Nf4 e5 13. Nxg6 hxg6 14. Rd1 Qe7 15.
dxe5 Nxe5 16. Ba2 Rad8 17. Bd2 Bb4 18. Be1 g5 19. h3 g6 20. Rd4 a5 21. Rad1 Rde8
22. f4 gxf4 23. Bh4 Bc5 24. Rxf4 Ned7 25. Kh1 Qe5 26. Qf3 Be7 27. Ne4 Kg7 28.
Nxf6 Nxf6 29. Rf1 Qxb2 30. Bc4 Qc3 31. Be2 Ng8 32. Rxf7+ Kh8 33. Be1 Qe5 34. Rf4
Rxf4 35. exf4 Qc7 36. f5 Rf8 37. Bc3+ Bf6 38. fxg6 Kg7 39. Qh5 1-0

[Event "75th Noteboom vierkamp"]
[Site "Leiden NED"]
[Date "2015.02.15"]
[Round "3.1"]
[White "Timman, Jan H"]
[Black "Nikolic, Predrag"]
[Result "0-1"]
[WhiteTitle "GM"]
[BlackTitle "GM"]
[WhiteElo "2553"]
[BlackElo "2588"]
[WhiteFideId "1000012"]
[BlackFideId "14400014"]
[EventDate "2015.02.13"]

1. e4 e6 2. d4 d5 3. Nd2 Be7 4. Ngf3 Nf6 5. Bd3 c5 6. exd5 Qxd5 7. dxc5 Qxc5 8.
O-O Nbd7 9. Qe2 Qc7 10. c4 b6 11. Ne4 Bb7 12. Bg5 h6 13. Bd2 O-O 14. Rad1 Ng4
15. Bb1 f5 16. Ng3 Qc6 17. Bf4 Rae8 18. h3 Ngf6 19. Rfe1 Bb4 20. Bd2 Bxd2 21.
Rxd2 Nc5 22. Qe5 Nce4 23. Rd4 Ng5 24. Nh4 Nf7 25. Qe2 e5 26. Rd2 f4 27. Ne4 Nxe4
28. Bxe4 Qxe4 29. Qxe4 Bxe4 30. Rxe4 Ng5 31. Re1 e4 32. Rd5 f3 33. Re3 fxg2 34.
Kxg2 Rf6 35. Rf5 Rd6 36. Kg3 Rd2 37. f4 Nf7 38. b3 Red8 39. Kg4 g5 40. Ng6 Kg7
41. Ne7 h5+ 0-1

[Event "75th Noteboom vierkamp"]
[Site "Leiden NED"]
[Date "2015.02.15"]
[Round "3.2"]
[White "Smeets, Jan"]
[Black "Van Wely, Loek"]
[Result "0-1"]
[WhiteTitle "GM"]
[BlackTitle "GM"]
[WhiteElo "2625"]
[BlackElo "2657"]
[WhiteFideId "1007246"]
[BlackFideId "1000268"]
[EventDate "2015.02.13"]

1. e4 c5 2. Nf3 d6 3. Bb5+ Nd7 4. O-O a6 5. Bd3 Ngf6 6. c3 b5 7. Bc2 Bb7 8. Re1
c4 9. b3 e6 10. bxc4 bxc4 11. Na3 Rc8 12. Rb1 Ba8 13. Qe2 d5 14. e5 Ne4 15. Nd4
Nec5 16. d3 cxd3 17. Bxd3 Nxd3 18. Qxd3 Qa5 19. Nac2 Rxc3 20. Qe2 Rc4 21. Bd2
Qa4 22. a3 Bc5 23. Rb4 Bxb4 24. Bxb4 Nc5 25. Rb1 O-O 26. Ne3 Rxd4 27. Bxc5 Rd8
28. Bxd4 Qxd4 29. Nc2 Qc3 30. Rd1 d4 31. Qd3 Qc5 32. f4 g5 33. Qg3 Kf8 34. Qxg5
d3+ 35. Kf1 Rd7 36. Qf6 Kg8 37. Qg5+ Kf8 38. Qf6 Bxg2+ 39. Kxg2 Qxc2+ 40. Kh3
Rd4 41. Qh8+ Ke7 42. Qf6+ Kf8 43. Qh8+ Ke7 44. Qf6+ Kd7 45. Qxf7+ Kc6 46. Qxe6+
Kb5 47. Qe8+ Ka5 48. Qh5 Ka4 49. f5 d2 50. e6 Qe4 51. Kg3 Qe1+ 52. Kg2 Re4 53.
Qe8+ Kxa3 54. Qe7+ Ka2 55. Qb7 Qe2+ 56. Kg3 Qe3+ 57. Kg2 Rg4+ 0-1